| 000 | 01014cam a2200265 a 4500 | ||
|---|---|---|---|
| 001 | 14998660 | ||
| 005 | 20250317180754.0 | ||
| 008 | 070907s2008 maua b 001 0 eng | ||
| 020 | _a9780073530284 (alk. paper) | ||
| 020 | _a007353028X (alk. paper) | ||
| 050 | 0 | 0 |
_aHM1261 _b.L413 2008 |
| 082 | 0 | 0 |
_a303.3/4 _222 |
| 245 | 0 | 0 |
_aLeaders & the leadership process : _breadings, self-assessments & applications / _c[edited by] Jon L. Pierce, John W. Newstrom. |
| 250 | _a5th ed. | ||
| 260 |
_aBoston : _bMcGraw-Hill Irwin, _cc2008. |
||
| 300 |
_axlvi, 530 p. : _bill. ; _c28 cm. |
||
| 650 | 0 | _aLeadership. | |
| 650 | 0 |
_aLeadership _vCase studies. |
|
| 650 | 0 |
_aLeadership _vProblems, exercises, etc. |
|
| 700 | 1 |
_aPierce, Jon L. _q(Jon Lepley) |
|
| 700 | 1 | _aNewstrom, John W. | |
| 856 | 4 | 2 |
_3Publisher description _uhttp://www.loc.gov/catdir/enhancements/fy0743/2007036792-d.html |
| 856 | 4 | 1 |
_3Table of contents only _uhttp://www.loc.gov/catdir/enhancements/fy0743/2007036792-t.html |
| 942 |
_2lcc _cBK _e5th Ed. _n0 |
||
| 999 |
_c4907 _d4907 |
||